|
|
|
|
| LEADER |
02256nam a2200469 i 4500 |
| 001 |
EBC4587223 |
| 003 |
MiAaPQ |
| 005 |
20200520144314.0 |
| 006 |
m o d | |
| 007 |
cr cnu|||||||| |
| 008 |
160815t20062006gw ob 000 0 ger d |
| 020 |
|
|
|z 9783486579956
|
| 020 |
|
|
|a 9783486706321 (e-book)
|
| 035 |
|
|
|a (MiAaPQ)EBC4587223
|
| 035 |
|
|
|a (Au-PeEL)EBL4587223
|
| 035 |
|
|
|a (CaPaEBR)ebr11235491
|
| 035 |
|
|
|a (CaONFJC)MIL938837
|
| 035 |
|
|
|a (OCoLC)953662097
|
| 040 |
|
|
|a MiAaPQ
|b eng
|e rda
|e pn
|c MiAaPQ
|d MiAaPQ
|
| 043 |
|
|
|a e-gx---
|
| 050 |
|
4 |
|a DD282
|b .R478 2006
|
| 082 |
0 |
|
|a 943.1087
|2 23
|
| 245 |
0 |
0 |
|a "Republikflucht" :
|b Flucht und Abwanderung aus der SBZ/DDR 1945 bis 1961. Veroffentlichungen zur SBZ-/DDR-Forschung im Institut fur Zeitgeschichte /
|c herausgegeben von Damian van Melis und Henrik Bispinck mit einer Einleitung von Damian van Melis.
|
| 264 |
|
1 |
|a Munchen, [Germany] :
|b R. Oldenbourg Verlag,
|c 2006.
|
| 264 |
|
4 |
|c 2006
|
| 300 |
|
|
|a 1 online resource (276 pages)
|
| 336 |
|
|
|a text
|2 rdacontent
|
| 337 |
|
|
|a computer
|2 rdamedia
|
| 338 |
|
|
|a online resource
|2 rdacarrier
|
| 490 |
1 |
|
|a Schriftenreihe der Vierteljahrshefte fur Zeitgeschichte. Sondernummer
|
| 504 |
|
|
|a Includes bibliographical references.
|
| 588 |
|
|
|a Description based on online resource; title from PDF title page (ebrary, viewed July 25, 2016).
|
| 590 |
|
|
|a Electronic reproduction. Ann Arbor, MI : ProQuest, 2016. Available via World Wide Web. Access may be limited to ProQuest affiliated libraries.
|
| 651 |
|
0 |
|a Germany (East)
|x Emigration and immigration.
|
| 651 |
|
0 |
|a Germany (East)
|x Politics and government.
|
| 655 |
|
4 |
|a Electronic books.
|
| 700 |
1 |
|
|a Melis, Damian,
|e editor,
|e writer of introduction.
|
| 700 |
1 |
|
|a Bispinck, Henrik,
|e editor.
|
| 776 |
0 |
8 |
|i Print version:
|t "Republikflucht" : Flucht und Abwanderung aus der SBZ/DDR 1945 bis 1961. Veroffentlichungen zur SBZ-/DDR-Forschung im Institut fur Zeitgeschichte.
|d Munchen, [Germany] : R. Oldenbourg Verlag, c2006
|h 270 pages
|z 9783486579956
|
| 797 |
2 |
|
|a ProQuest (Firm)
|
| 830 |
|
0 |
|a Schriftenreihe der Vierteljahrshefte fur Zeitgeschichte.
|p Sondernummer.
|
| 856 |
4 |
0 |
|u https://ebookcentral.proquest.com/lib/matrademy/detail.action?docID=4587223
|z Click to View
|